003660000a2200121000450024500750000065000240007565000150009965000330011404100130014770000230016010000210018377300400020410aContribution of nontrees to species richness of a tropical rain forest14aRiqueza de especies14aEpífitas14aBosques húmedos tropicales0 aInglés1 aDodson, Calaway H.1 aGentry, Alwyn H.1 tBiotropica39h2q149-156d1987g19